000 00745nam a2200217 a 4500
005 20140310183524.0
008 111111s19uu xx 00 eng d
020 _a9781578868704
050 _aLC 4801
_b.Sc33 2009
100 _aScanella, Anthony
245 _aInnovative interventions for today's exceptional children :
_bcultivating a passion for compassion /
_cAnthony Scanella and Sharon McCarthy.
260 _aNew York :
_bRowman & Littlefield Education,
_c2009.
300 _a86 p. :
_bill. ;
_c22 cm.
521 _aEDU
650 _aProblem children
_xEducation
650 _aProblem children
_xBehavior modification
650 _aSelf-control in children
700 _aMcCarthy, Sharon
942 _cBK
_2lcc
_kFOR
999 _c24464
_d24464